1730 1233 1227 1611 1363 1928 1629 1259 1223 1216 1198 1076 1067 1824 1018 1060 1213 1931 1124 1921 1511 1849 1005 1848 1968 1106 1515 1139 1584 1121 1983 1351 1476 1636 1823 1088 1404 1473 1044 1638 1384 1177 1927 1482 1280 1113 1785 1459 1746 1861 1651 1902 1886 1464 1696 1942 1846 1979 1436 1284 1063 1980 1862 1108 1532 1175 1919 1237 1452 1735 1802 1227 1796 1421 1667 1949 1102 1578 1365 1572 1656 1080 1824 1379 1018 1424 1790 1468 1858 1817 1594 1253 1693 1660 1517 1956 1979 1747 1353 BCNSPRNW ULIB Ver.6.0+V

เปลี่ยนเป็นภาษาไทย

Change to English
 แสดงรายละเอียดบรรณานุกรม
  กลับหน้าหลัก

Brief Record : Get Marc (ISO 2709) : E-mail record : QR code < ปิดหน้าต่าง
LEADER : 00000nas 2200000uu 4500
001    13399114887
003     ULIB
008    020711s|||| th a 000 0 tha d
022    ^a08585814
110    ^aโรงพยาบาลศรีสังวาลย์
245    ^aวารสารโรงพยาบาลศรีสังวาลย์/^cโรงพยาบาลศรีสังวาลย์
260    ^aแม่ฮ่องสอน :^bโรงพยาบาลศรีสังวาลย์,^cม.ป.ป.
310    ^aรายปี
850 ^a ULIB^bปีที่ 1 ฉบับที่ 20 ;ปีที่ 1 ฉบับที่ 20 ฉ.2 ;ปีที่ 1 ฉบับที่ 21 ;ปีที่ 1 ฉบับที่ 22 ;ปีที่ 1 ฉบับที่ 22 ฉ.2 ;ปีที่ 1 ฉบับที่ 23 ฉ.1 ;ปีที่ 24 ฉบับที่ 1 ฉ.1 ;ปีที่ 27 ฉบับที่ 1 ฉ.1
945    ^p0^l0^i900451
945    ^p0^l0^i900452
945    ^p0^l0^i901329
945    ^p0^l0^i902109
945    ^p0^l0^i902110
945    ^p0^l0^i902784
945    ^p0^l0^i903921
945    ^p0^l0^i905595
999    ^aวรรณษา ชูชัยมงคล
รายการนี้ยังไม่มีแท็ก
คุณยังไม่ได้ล็อกอิน คุณสามารถมีกิจกรรมร่วมกับเว็บไซต์ได้ แต่ต้องล็อกอินก่อน ::
  ล็อกอิน

รายการสื่อสารสนเทศ (วารสาร)

ดูแบบ: กล่อง รายการ
ARRIVED
ปีที่ 1 ฉบับที่ 20
สถานที่: ห้องสมุดวิทยาเขตสวรรค์ประชารักษ์ >วารสาร
ARRIVED
ปีที่ 1 ฉบับที่ 21
สถานที่: ห้องสมุดวิทยาเขตสวรรค์ประชารักษ์ >วารสาร
ARRIVED
ปีที่ 1 ฉบับที่ 22
สถานที่: ห้องสมุดวิทยาเขตสวรรค์ประชารักษ์ >วารสาร
ARRIVED
ปีที่ 1 ฉบับที่ 23 ฉ.1
สถานที่: ห้องสมุดวิทยาเขตสวรรค์ประชารักษ์ >วารสาร
ARRIVED
ปีที่ 24 ฉบับที่ 1 ฉ.1
สถานที่: ห้องสมุดวิทยาเขตสวรรค์ประชารักษ์ >วารสาร
ARRIVED
ปีที่ 27 ฉบับที่ 1 ฉ.1
สถานที่: ห้องสมุดวิทยาเขตสวรรค์ประชารักษ์ >วารสาร
รายการใกล้เคียง
    ผู้แต่ง []

BibComment


ยังไม่เคยถูกคอมเมนท์

คอมเมนท์ทรัพยากรรายการนี้
  คอมเมนท์: วารสารโรงพยาบาลศ..


 Copyright 2026. Bcnsprnw @Library